Pracovnoprávne postavenie komunálneho politika v trhovej ekonomike alebo v transformačnom procese

Miestna samospráva - komunálni politici - starosta obce a poslanci obecného zastupiteľstva (v obci), primátor a poslanci mestského zastupiteľstva (v meste). Právne postavenie a ochrana zamestnania komunálneho politika. Platové a pracovné nároky komunálneho politika. Nedostatky v legislatíve týkajúce...

Descripción completa

Guardado en:
Detalles Bibliográficos
Autor principal: Thurzová, Marta
Formato: Capítulo de libro
Lenguaje:eslovaco
Materias:
Etiquetas: Agregar Etiqueta
Sin Etiquetas, Sea el primero en etiquetar este registro!

MARC

LEADER 00000naa a2200000 4500
001 r020144
005 20230424120123.0
041 0 |a slo 
044 |a SK 
245 1 0 |a Pracovnoprávne postavenie komunálneho politika v trhovej ekonomike alebo v transformačnom procese  |c Marta Thurzová 
520 |a Miestna samospráva - komunálni politici - starosta obce a poslanci obecného zastupiteľstva (v obci), primátor a poslanci mestského zastupiteľstva (v meste). Právne postavenie a ochrana zamestnania komunálneho politika. Platové a pracovné nároky komunálneho politika. Nedostatky v legislatíve týkajúcej sa samosprávneho modelu SR. 
610 2 0 |a správa miestna 
610 2 0 |a zastupiteľstvá obecné 
610 2 0 |a starostovia 
610 2 0 |a poslanci 
610 2 0 |a obce 
610 2 0 |a mestá 
610 2 0 |a legislatíva 
610 2 0 |a Slovensko 
100 1 |a Thurzová, Marta